000 01122nam a2200313 i 4500
003 DO-SdBNP
005 20260526114438.0
007 ta
008 260515b2025 dr ||||| |||| 00| 0 spa d
020 _a9789945299489
040 _aDO-SdBNP
_bspa
_cBNPHU
_erda
041 _aspa
082 4 _aRD861.5
_bP187c
_222
100 1 _aPanamá Sánchez, Rafael A.,
_eautor
_4aut.
_989609
245 1 0 _aCicatriz encadenada, sonetos :
_buna configuración de amor y desamor, 106 sonetos clásicos / 106 sonetos invertidos
_cRafael Antonio Panamá Sánchez
250 _aprimera edición
264 1 _aSanto Domingo :
_bEXPOTRECE,
_c2025.
300 _a141 páginas ;
_c23 cm.
336 _atexto
_btxt
_2rdacontent
337 _asin mediación
_bn
_2rdamedia
338 _avolumen
_bnc
_2rdacarrier
500 _aIncluye datos biográficos del autor en la contracubierta
590 _aInventariado, 2026/BT
650 7 _aSonetos dominicanos
_2LIBRUNAM
_910208
650 7 _aPoesía dominicana
_2LIBRUNAM
650 7 _aLiteratura dominicana
_2LIBRUNAM
910 _aBtavárez/Validado. Control de calidad MFF
942 _2ddc
_cLBS1
999 _c60765
_d60765